000 00318nam a2200145Ia 4500
100 _aRinehart/Martin L
942 _cBK
654 _aComputer
245 _aClient /Server dBase Programming
260 _bAddison Wesly
_aReading
_c1994
082 _a5.758
_bRIN
300 _a325
546 _aENGLISH
999 _c19674
_d19674